|
|
|
|
| LEADER |
00000cam a2200000 7i4500 |
| 001 |
0000000770 |
| 005 |
20001003.0 |
| 020 |
0 |
0 |
|a 9679785211
|
| 090 |
0 |
0 |
|a 923.2595bCHE 1995
|
| 100 |
1 |
0 |
|a CHEONG
|h Mei Sui
|
| 245 |
1 |
0 |
|a Daim :
|b The man behind the enigma
|c Cheong Mei Sui, Adibah Amin
|
| 260 |
0 |
0 |
|a Petaling Jaya, Selangor ,
|c Pelanduk Pub. ,
|c 1995
|
| 300 |
|
|
|a 202 p. :
|b col. ill. ;
|c 23 cm.
|
| 500 |
0 |
0 |
|a Includes index
|
| 600 |
0 |
0 |
|a Daim Zainuddin
|f Tun ,
|c 1938-
|
| 650 |
0 |
0 |
|a Businessmen
|z Malaysia
|x Political activity
|
| 650 |
0 |
0 |
|a Cabinet officers
|z Malaysia
|y 1981-1991
|
| 650 |
0 |
0 |
|a Politicians
|z Malaysia
|x Biography
|
| 651 |
0 |
0 |
|a Malaysia
|x Politics and government
|y 1981-
|
| 700 |
0 |
1 |
|a Adibah Amin ,
|c 1936-
|
| 999 |
|
|
|a 0000000510
|b Monograph
|c Open Shelf
|e Default branch
|